00494 2200193 4500001002100000005001500021035002000036007000300056008004100059020002200100082001100122084001700133100000800150245003400158250001100192260004800203300003000251650001900281INLIS00000000000120420210930073413 a0010-0921000103ta210930 g 0 ind  a978-602-04-8593-5 a297.07 a297.07 A.K w0 aA.K1 aWaktumu Hanya Sebentar /cA.K aCet. 1 aJakarta :bPT. Elex Media Komputindo,c2018 a192 hlm. ;c15 cm x 17 cm aMotivasi islam